00810 2200229 4500001002100000005001700021008004100038035002500079040001200104082001200116084001700128100002000145245017000165260007300335300003200408500005300440504002800493650001500521700001400536850001200550990001800562INLIS00000000001103420150825094001.0  a0010-081500000002472 aYOPDYOG 223a269 aSK 269 Nik P aNIKMATUL Inayah aPengaruh Total Quality Service terhadap kepuasan pasienb: (Studi pada pasien bidang pelayanan rohani Islam di Rumah Sakit Dr. Sardjito Yogyakartac/ Nikmatul Inayah aYogyakartabUniversitas Islam Negeri Sunan Kalijaga Yogyakartac2006 axiii, 90 lembarc; 29,5 cm. aSkripsi Jurusan Manajemen Dakwah Fakultas Dakwah aBibliografi: hlm. 89-90 aKerohanian aMIKHRIANI aYOPDYOG a48855-PD/A.15